| 000 | 00829cam a2200229 4500 | ||
|---|---|---|---|
| 001 | WB3638-17 | ||
| 008 | 000000n2000 000 0 eng u | ||
| 035 | _a(Sirsi) u108449 | ||
| 245 | _aSale of stores via website | ||
| 260 | _c2000 | ||
| 490 |
_aFinancial Times _v 25 September 2000, 28(1) |
||
| 520 | _aIn a bid to cut costs and speed up the sale of its 400 stores, UK fashion retailer Arcadia is planning to launch its own website. Advertising retail property online with full rental details and photographs is a move towards increased price transparency in the sector. | ||
| 590 | _aWB | ||
| 650 | _aARCADIA | ||
| 650 | _aRETAIL PROPERTY | ||
| 650 | _aPROPERTY SALES | ||
| 650 | _aFASHION RETAILERS | ||
| 650 | _aWEBSITES | ||
| 650 | _aADVERTISING | ||
| 690 | _aINFORMATION TECHNOLOGY-INTERNET | ||
| 942 | _n0 | ||
| 999 |
_c64751 _d64751 |
||